Estado de cuentas de la Mutualidad : Ingresos y gastos efectuados desde 1o de enero de 1938 a 31 de enero de 1939 : Boletín de inscripción Ingresos y gastos efectuados desde 1o de enero de 1938 a 31 de enero de 1939 :

Publicado: [Barcelona : (Imp. Casa de Caritat) , 1939
Descripción Física: 4 p. ; 22 cm

MARC

LEADER 00000nam a2200000Ia 4500
001 9217
008 160829s1939?] xx 000 0 cat d
080 |a RF-7-4 
110 2 |a Mutualitat de la Unió d'Obrers de la Casa de Caritat (Barcelona, Catalunya)  |9 54369 
245 |a Estado de cuentas de la Mutualidad :  |b  Ingresos y gastos efectuados desde 1o de enero de 1938 a 31 de enero de 1939 :  |b  Boletín de inscripción 
260 |a [Barcelona :  |b (Imp. Casa de Caritat),  |c 1939?] 
300 |a 4 p. ;  |c 22 cm 
650 |a Casa de Caritat (Barcelona). Mutualitat de la Unió d'Obrers  |x Comptabilitat  |9 29014 
710 |a Casa de Caritat (Barcelona, Catalunya)  |9 52406 
856 4 |u https://media.diba.cat/diba/fitxers/arxiu/fulletons/bib_9217_1939_baixa.pdf  |y Accés lliure 
856 4 |u https://media.diba.cat/diba/fitxers/arxiu/fulletons/bib_9217_1939_baixa.pdf  |y Accés lliure 
900 |a bib_9217_1939_baixa.pdf 
901 |a Arxiu 
942 |n 1  |2 udc 
952 |0 0  |1 0  |4 0  |6 RF74  |7 1  |9 45016  |a Arxiu  |b Arxiu  |d 2016-12-01  |l 0  |o RF-7-4  |p 9217  |r 2016-12-01 00:00:00  |w 2016-12-01  |y ARXIU 
999 |c 47620  |d 47620